000 00789nam a2200265 i 4500
001 31405
003 BD-RjUL
005 20211209051710.0
008 140415s1974 ii b 001 0 eng
035 _a(BD-RjUL)31492
040 _aDLC
_cDLC
_dBD-RjUL
_beng
041 _aeng
082 0 0 _a294.3
_bBAS 1974
100 1 _aBarua, Beni Madhab
_d1888-1948.
_948905
245 1 0 _aStudies in Buddhism /
_cBeni Madhab Barua ; edited by Binayendra Nath Chaudhury.
250 _a1st ed.
260 _aCalcutta :
_bSaraswat Library,
_c1974.
300 _a427 p. ;
_c21 cm.
504 _aIncludes bibliographical references and index.
650 0 _aBuddhism.
_995567
700 1 _aChaudhury, Binayendra Nath
_eed.
_995568
942 _2ddc
_cBK
999 _c31405
_d31405